Применение ИК-спектроскопии для определения малых концентраций воды в процессе ее адсорбции из разбавленных растворов: автореферат диссертации на соискание ученой степени кандидата технических наук

Détails bibliographiques
Auteur principal: Тохадзе В. Л.
Collectivité auteur: Московский химико-технологический институт им. Д. И. Менделеева (МХТИ)
Autres auteurs: Торочешников Н. С. (научный руководитель), Каретников Г. С.
Résumé:Защита сост. в апреле 1967 г.
Langue:russe
Publié: Москва, [Б. и.], 1967
Sujets:
Format: Livre
KOHA link:https://koha.lib.tpu.ru/cgi-bin/koha/opac-detail.pl?biblionumber=293996

MARC

LEADER 00000nam0a2200000 4500
001 293996
005 20231102000640.0
035 |a (RuTPU)RU\TPU\book\319046 
090 |a 293996 
100 |a 20150507d1967 k y0rusy50 ca 
101 0 |a rus 
102 |a RU 
105 |a a dm 001zy 
200 1 |a Применение ИК-спектроскопии для определения малых концентраций воды в процессе ее адсорбции из разбавленных растворов  |e автореферат диссертации на соискание ученой степени кандидата технических наук  |f В. Л. Тохадзе  |g Московский химико-технологический институт им. Д. И. Менделеева (МХТИ) ; науч. рук. Н. С. Торочешников , Г. С. Каретников 
210 |a Москва  |c [Б. и.]  |d 1967 
215 |a 19 с.  |c ил. 
300 |a Защита сост. в апреле 1967 г. 
320 |a Библиогр.: с. 19 (6 назв.). 
606 1 |a Адсорбция  |2 stltpush  |3 (RuTPU)RU\TPU\subj\1555  |9 30322 
610 1 |a органические жидкости 
610 1 |a осушка 
610 1 |a синтетические цеолиты 
610 1 |a применение 
610 1 |a вода 
610 1 |a инфракрасные спектры 
610 1 |a регенерация 
610 1 |a установки 
610 1 |a поглощение 
610 1 |a изотермы 
610 1 |a авторефераты диссертаций 
610 1 |a спектры 
675 |a 544.723(04)  |v 4 
700 1 |a Тохадзе  |b В. Л. 
702 1 |a Торочешников  |b Н. С.  |4 727 
702 1 |a Каретников  |b Г. С.  |4 727 
712 0 2 |a Московский химико-технологический институт им. Д. И. Менделеева (МХТИ)  |2 stltpush  |3 (RuTPU)RU\TPU\col\1701 
801 1 |a RU  |b 63413507  |c 20150507 
801 2 |a RU  |b 63413507  |c 20220804  |g RCR 
942 |c BK